Giáo trình văn học trẻ em
v.v..
Đã lưu trong:
| Tác giả chính: | |
|---|---|
| Định dạng: | Sách |
| Năm xuất bản: |
H.
ĐHSP
2003
|
| Chủ đề: | |
| Tags: |
Thêm thẻ
Không có thẻ, Hãy là người đầu tiên gắn thẻ bản ghi này!
|
| LEADER | 00856nam a2200217 4500 | ||
|---|---|---|---|
| 082 | |a 809 |b L100TH | ||
| 100 | |a Lã Thị Bắc Lý | ||
| 245 | |a Giáo trình văn học trẻ em |c Lã Thị Bắc Lý | ||
| 260 | |a H. |b ĐHSP |c 2003 | ||
| 300 | |a 216tr. |c 21cm | ||
| 520 | |a v.v.. | ||
| 653 | |a Văn học hiện đại | ||
| 653 | |a thế kỉ 20 | ||
| 653 | |a Việt Nam | ||
| 653 | |a phê bình văn học | ||
| 653 | |a văn học thiếu nhi | ||
| 653 | |a văn học nước ngoài | ||
| 942 | |2 ddc |c STK0 | ||
| 999 | |c 10328 |d 10328 | ||
| 952 | |0 0 |1 0 |2 ddc |4 0 |6 809_000000000000000_L100TH |7 0 |8 800 |9 79956 |a qbu |b qbu |c D5 |d 2015-07-22 |g 17000 |l 1 |o 809 L100TH |p 9941.c1 |r 2019-03-13 |s 2019-01-18 |w 2015-07-22 |y SH | ||
| 952 | |0 0 |1 0 |2 ddc |4 0 |6 809_000000000000000_L100TH |7 0 |8 800 |9 91884 |a qbu |b qbu |c D5 |d 2015-08-21 |g 17000 |l 5 |m 1 |o 809 L100TH |p 9941.c2 |r 2019-03-13 |s 2019-01-18 |w 2015-08-21 |y SH | ||